000 00655nam a2200229Ia 4500
003 OSt
005 20220918182711.0
006 a|||||r|||| 00| 0
007 ta
008 220917b |||||||| |||| 00| 0 eng d
024 _a34,014
037 _cTextual
040 _aARTS
_cARTS
_beng
041 _2eng
_aeng
082 _aO-973LgN, L3
100 _aBornstein George ed
_961017
245 0 _aRomantic and modern
_b revaluations of literary tradition
260 _aPittsburgh
_bUniv Of Pittsburge Press
_c1977
650 _aENGLISH LITERATURE
942 _hO-973LgN, L3
_cTEXL
_2CC
999 _c170092
_d170092